Global shopping centre pipeline (Record no. 116083)

MARC details
000 -LEADER
fixed length control field 01298cad a22002175a 4500
001 - CONTROL NUMBER
control field L159672
008 - FIXED-LENGTH DATA ELEMENTS--GENERAL INFORMATION
fixed length control field 120615s2016 xxk 000 0 eng d
035 ## - SYSTEM CONTROL NUMBER
System control number (Sirsi) u159672
041 0# - LANGUAGE CODE
Language code of text/sound track or separate title eng
110 1# - MAIN ENTRY--CORPORATE NAME
Corporate name or jurisdiction name as entry element CBRE
245 00 - TITLE STATEMENT
Title Global shopping centre pipeline
Remainder of title Q2 2016
Medium [electronic resource]
260 ## - PUBLICATION, DISTRIBUTION, ETC.
Place of publication, distribution, etc. London
Name of publisher, distributor, etc. CBRE
Date of publication, distribution, etc. 2016
490 #0 - SERIES STATEMENT
Series statement CBRE Global Viewpoint
Volume/sequential designation April 2016
520 ## - SUMMARY, ETC.
Summary, etc. Measures the level of shopping centre development in major cities across the world. Global shopping centre completions have started to slow as parts of the global retail market witness the effects of an imbalance between significant supply and demand. Despite this, there continues to be exceptional levels of construction, particularly in Asia. Globally, 10.7 million sq m of new space opened in 2015 in the 168 cities we surveyed; this is down on 2014, where 12.1 million sq m of space were completed; and a further 41.9 million sq m is under construction, up from 39 million in 2014.
590 ## - LOCAL NOTE (RLIN)
Local note NTK KA
650 24 - SUBJECT ADDED ENTRY--TOPICAL TERM
Topical term or geographic name entry element SHOPPING CENTRES
651 #4 - SUBJECT ADDED ENTRY--GEOGRAPHIC NAME
Geographic name International
690 ## - LOCAL SUBJECT ADDED ENTRY--TOPICAL TERM (OCLC, RLIN)
Topical term or geographic name as entry element Commercial property
9 (RLIN) 6227
856 40 - ELECTRONIC LOCATION AND ACCESS
Uniform Resource Identifier <a href="https://www.cbre.co.uk/research-and-reports/Global-Retail-ViewPoint---Shopping-Centre-Development-April-2016">https://www.cbre.co.uk/research-and-reports/Global-Retail-ViewPoint---Shopping-Centre-Development-April-2016</a>
Public note View the report at www.cbre.co.uk/research-and-reports
942 ## - ADDED ENTRY ELEMENTS (KOHA)
Suppress in OPAC 0
Holdings
Withdrawn status Lost status Source of classification or shelving scheme Damaged status Not for loan Home library Current library Shelving location Date acquired Total Checkouts Full call number Barcode Date last seen Copy number Price effective from Koha item type
    Dewey Decimal Classification     Virtual Virtual Online 08/12/2017   ONLINE PUBLICATION 159672-2001 06/08/2019 1 06/08/2019 Book